|
|
|
|
| LEADER |
01934nam a2200529 i 4500 |
| 001 |
nkc20223436884 |
| 003 |
CZ PrNK |
| 005 |
20260205131409.0 |
| 007 |
ta |
| 008 |
220712s2022 xr ah e f 000 0 cze |
| 015 |
|
|
|a cnb003436884
|
| 020 |
|
|
|a 978-80-908177-7-7
|q (brožováno)
|
| 035 |
|
|
|a (OCoLC)1347065363
|
| 040 |
|
|
|a BOA001
|b cze
|e rda
|
| 043 |
|
|
|a e-xr---
|b e-xr-pg
|2 czenas
|
| 045 |
|
|
|a w-y-
|
| 072 |
|
7 |
|a 614.84
|x Požáry. Ochrana před požáry
|2 Konspekt
|9 14
|
| 080 |
|
|
|a 614.842.83
|2 MRF
|
| 080 |
|
|
|a 614.84
|2 MRF
|
| 080 |
|
|
|a 614.84(091)
|2 MRF
|
| 080 |
|
|
|a (437.311)
|2 MRF
|
| 080 |
|
|
|a (036)
|2 MRF
|
| 100 |
1 |
|
|a Liška, Václav
|7 pna2013783697
|4 aut
|
| 245 |
1 |
0 |
|a Hasiči v Praze /
|c Václav Liška
|
| 250 |
|
|
|a Vydání první
|
| 264 |
|
1 |
|a [Praha] :
|b Svatobor,
|c 2022
|
| 300 |
|
|
|a 81 stran :
|b ilustrace (některé barevné), faksimile ;
|c 21 cm
|
| 336 |
|
|
|a text
|b txt
|2 rdacontent
|
| 337 |
|
|
|a bez média
|b n
|2 rdamedia
|
| 338 |
|
|
|a svazek
|b nc
|2 rdacarrier
|
| 500 |
|
|
|a 300 výtisků
|
| 648 |
|
7 |
|a 19.-21. století
|7 ch757016
|2 czenas
|
| 650 |
0 |
7 |
|a hasičské sbory
|7 ph162652
|z Česko
|y 19.-21. století
|2 czenas
|
| 650 |
0 |
7 |
|a požární ochrana
|7 ph124487
|z Česko
|y 19.-21. století
|2 czenas
|
| 650 |
0 |
7 |
|a dějiny požární ochrany
|7 ph488968
|z Česko
|y 19.-21. století
|2 czenas
|
| 650 |
0 |
9 |
|a fire departments
|z Czechia
|y 19th-21st centuries
|2 eczenas
|
| 650 |
0 |
9 |
|a fire protection
|z Czechia
|y 19th-21st centuries
|2 eczenas
|
| 650 |
0 |
9 |
|a history of fire protection
|z Czechia
|y 19th-21st centuries
|2 eczenas
|
| 651 |
|
7 |
|a Praha (Česko)
|7 ge118011
|2 czenas
|
| 651 |
|
9 |
|a Prague (Czechia)
|2 eczenas
|
| 655 |
|
7 |
|a informační publikace
|7 fd132454
|2 czenas
|
| 655 |
|
9 |
|a information publications
|2 eczenas
|
| 910 |
2 |
|
|a BOA001
|b 2-1493.155
|
| 990 |
|
|
|a BK
|
| 995 |
|
|
|a 01
|
| 991 |
|
|
|b 202208
|c NOV
|
| 996 |
6 |
|
|b 2610912200
|c 2-1493.155
|l MZK
|r Sklad / do 1 hodiny
|n 0
|p p.v.
|w 001896787
|u 000010
|a 1
|e BOA001
|j MZK50
|s P
|